000 00817 a2200229 4500
001 41893
005 20260407155709.0
008 260407a1973 arg spa d
003 AR-UNSa-BCEJYS
040 _aAR-UNSa-BCEJYS
_bspa
_cAR-UNSa-BCEJYS
080 _a316
_xSociología
245 1 0 _aSociología
_puna introducción sistemática
264 1 _aBuenos Aires :
_bPaidós
_c1973
300 _a734 p.
_c23 cm.
505 _a1. El marco de referencia - 2. Cultura y socialización - 3. Sistemas y grupos de parentesco - 4. Economía - 5. Constitución política - 6. Religión - 7. Estratificación - 8. Desviación social y cambio social -
041 _aspa
942 _cBK
590 _aniveau_biblio:m niveau_hierar:0
100 1 _aJohnson, Harry M.
700 1 _aKestelboim, Emma
700 1 _aTopf, José
999 _c3541
_d3541